000 00590nam a2200253Ia 4500
005 20260121160906.0
008 008 260114s9999 xx 000 0 eng d
020 _a9781315669533
037 _aEBOOK
040 _aCRL
040 _beng
040 _cCRL
041 _2eng
041 _aeng
084 _qCRL
100 _a David Steinberg
_91037619
245 0 _aLead Like the Legends
260 _bTaylor and Francis
260 _c2016
856 _uhttp://www.taylorfrancis.com/books/9781315669533
942 _cEBOOK
999 _c1604435
_d1604435